Statistics for MLB 20-20-20 Club

Click here to take the quiz!

General Stats

  • This quiz has been taken 40 times
  • The average score is 3 of 7

Answer Stats

YearTeam2B3BHRPlayer% Correct
1979KC422023George Brett
86%
1957NYG262035Willie Mays
83%
2007PHI382020Jimmy Rollins
71%
2007DET382323Curtis Granderson
43%
1911CHC302121Frank Schulte
9%
1941CLE322024Jeff Heath
6%
1928STL422031Jim Bottomley
6%

Score Distribution

Percentile by Number Answered

Percent of People with Each Score

Your Score History

You have not taken this quiz